Classement des nations aux Jeux panaméricains depuis 1951 - Statistiques

Statistiques générales
  • Ce quiz a été pris 7 fois
  • Le résultat moyen est 15 sur 42
Statistiques - réponses
Rang Or Argent Bronze Total Pays % Correct
1 2188 1617 1194 4999 Etats-Unis
100%
2 537 776 918 2231 Canada
67%
5 310 362 617 1289 Mexique
67%
6 343 391 501 1235 Argentine
50%
4 449 476 656 1581 Brésil
50%
9 69 141 205 415 Chili
50%
7 165 208 296 669 Colombie
50%
12 45 49 93 184 Equateur
50%
13 29 46 105 180 Pérou
50%
28 3 3 5 11 Suriname
50%
31 1 3 5 9 Antigua-et-Barbuda
33%
19 9 15 15 39 Bahamas
33%
25 1 4 13 18 Barbade
33%
25 3 5 10 18 Bolivie
33%
20 7 7 20 34 Costa Rica
33%
3 938 642 613 2193 Cuba
33%
16 22 24 48 94 Guatemala
33%
24 2 5 14 21 Guyana
33%
29 0 3 7 10 Haïti
33%
31 0 3 6 9 Honduras
33%
14 32 48 74 154 Jamaïque
33%
27 0 6 10 16 Nicaragua
33%
18 5 23 41 69 Panama
33%
23 2 5 16 23 Paraguay
33%
10 36 92 159 287 Porto Rico
33%
11 48 82 146 276 République dominicaine
33%
21 5 9 18 32 Salvador
33%
17 13 30 34 77 Trinité-et-Tobago
33%
15 14 34 53 101 Uruguay
33%
8 110 235 317 662 Venezuela
33%
22 5 9 17 31 Antilles néerlandaises
17%
37 0 2 2 4 Aruba
17%
40 0 0 2 2 Belize
17%
29 1 4 5 10 Bermudes
17%
37 0 2 2 4 Dominique
17%
34 1 3 2 6 Grenade
17%
34 1 4 1 6 Iles {Caïmans}
17%
31 0 4 5 9 Iles {Vierges américaines}
17%
42 1 0 0 1 Iles {Vierges britanniques}
17%
37 0 2 2 4 Saint-Christophe-et-Niévès
17%
36 2 0 3 5 Sainte-Lucie
17%
40 0 0 2 2 Saint-Vincent-et-les-Grenadines
17%
Aucun quiz correspondant
Distribution des résultats
% des personnes avec chaque résultat
Percentile par nombre de réponses
Votre historique - résultats
Vous n’avez pas pris ce quiz